Transformácia malého sídla

Saved in:
Bibliographic Details
Main Author: Bortelová, Karolína (Author)
Other Authors: Vitková, Ľubica (Thesis advisor)
Format: Manuscript Book
Language:Slovak
Published: 2024
Subjects:
Online Access:http://is.stuba.sk/zp/portal_zp.pl?podrobnosti=178841
Tags: Add Tag
No Tags, Be the first to tag this record!

MARC

LEADER 00000ntm a22000003a 4500
001 stuzp98823
003 SK-STU
005 20240608212600.1
007 ta
008 150427s2015----xo-----f-mn---000-0-slo-d
040 |a STU  |b slo 
041 0 |a slo 
100 1 |a Bortelová, Karolína  |u 056160  |4 aut  |U FAD Fakulta architektúry a dizajnu  |T FAD Ústav urbanizmu a územného plánovania  |X 99326  |U A6160  |Y 397  |7 99326 
242 0 1 |a Small city transformation  |y eng 
245 1 0 |a Transformácia malého sídla 
260 |c 2024 
650 4 |a urbanizmus  |2 slo 
650 4 |a štúdia  |2 slo 
650 4 |a Myjava  |2 slo 
650 4 |a kultúrno-spoločenská os  |2 slo 
650 4 |a Armatúrka  |2 slo 
650 4 |a identita  |2 slo 
650 4 |a Myjava  |2 eng 
650 4 |a urbanism  |2 eng 
650 4 |a study  |2 eng 
650 4 |a identity  |2 eng 
650 4 |a cultural axis  |2 eng 
650 4 |a Armatúrka  |2 eng 
700 1 |a Vitková, Ľubica  |u 056160  |k Z1  |4 ths  |U FAD Fakulta architektúry a dizajnu  |T FAD Ústav urbanizmu a územného plánovania  |X 447  |U A6160  |Y 397  |7 A000000447 
856 4 |u http://is.stuba.sk/zp/portal_zp.pl?podrobnosti=178841